<?xml version="1.0" encoding="UTF-8"?>
<record
    xmlns:xsi="http://www.w3.org/2001/XMLSchema-instance"
    xsi:schemaLocation="http://www.loc.gov/MARC21/slim http://www.loc.gov/standards/marcxml/schema/MARC21slim.xsd"
    xmlns="http://www.loc.gov/MARC21/slim">

  <leader>00900nam0a2200229   4500</leader>
  <controlfield tag="001">RU\NLR\BIBL_A\011323370</controlfield>
  <controlfield tag="005">20250626043231.0</controlfield>
  <datafield tag="035" ind1=" " ind2=" ">
    <subfield code="a">(NLR Aleph) 011323370</subfield>
  </datafield>
  <datafield tag="090" ind1=" " ind2=" ">
    <subfield code="a">13414422</subfield>
    <subfield code="c">13414422</subfield>
  </datafield>
  <datafield tag="100" ind1=" " ind2=" ">
    <subfield code="a">20170209d1962    |||y0rusy50      ca</subfield>
  </datafield>
  <datafield tag="101" ind1="0" ind2=" ">
    <subfield code="a">aze</subfield>
    <subfield code="c">rus</subfield>
  </datafield>
  <datafield tag="102" ind1=" " ind2=" ">
    <subfield code="a">AZ</subfield>
  </datafield>
  <datafield tag="105" ind1=" " ind2=" ">
    <subfield code="a">y   z   000 y</subfield>
  </datafield>
  <datafield tag="200" ind1="1" ind2=" ">
    <subfield code="a">&#x41A;&#x43E;&#x43E;&#x43F;&#x435;&#x440;&#x430;&#x442;&#x438;&#x432; &#x43C;&#x4AF;&#x43B;&#x43A;&#x438;jj&#x4D9;&#x442;&#x438;&#x43D;&#x438;&#x43D; &#x433;&#x43E;&#x440;&#x443;&#x43D;&#x43C;&#x430;&#x441;&#x44B;&#x43D;&#x430; &#x434;&#x430;&#x438;&#x440; &#x433;&#x4D9;&#x440;&#x430;&#x440; &#x432;&#x4D9; &#x49D;&#x4E9;&#x441;&#x442;&#x4D9;&#x440;&#x438;&#x448;&#x43B;&#x4D9;&#x440; &#x43C;&#x4D9;&#x4B9;&#x43C;&#x443;&#x4D9;&#x441;&#x438;</subfield>
    <subfield code="g">&#x442;&#x4D9;&#x440;&#x4B9;.&#x435;&#x434;.: &#x418;.&#x41C;. &#x41C;&#x430;&#x4BB;&#x43C;&#x443;&#x434;&#x43E;&#x432;</subfield>
  </datafield>
  <datafield tag="210" ind1=" " ind2=" ">
    <subfield code="a">&#x411;&#x430;&#x43A;&#x44B;</subfield>
    <subfield code="c">&#x410;&#x437;&#x4D9;&#x440;&#x438;&#x442;&#x442;&#x438;&#x444;&#x430;&#x433;&#x44B;&#x43D; &#x43D;&#x4D9;&#x448;&#x440;&#x438;</subfield>
    <subfield code="d">1962</subfield>
  </datafield>
  <datafield tag="215" ind1=" " ind2=" ">
    <subfield code="a">227, [1] &#x441;.</subfield>
    <subfield code="d">21</subfield>
  </datafield>
  <datafield tag="541" ind1="1" ind2=" ">
    <subfield code="a">&#x421;&#x431;&#x43E;&#x440;&#x43D;&#x438;&#x43A; &#x43F;&#x43E;&#x441;&#x442;&#x430;&#x43D;&#x43E;&#x432;&#x43B;&#x435;&#x43D;&#x438;&#x439; &#x438; &#x443;&#x43A;&#x430;&#x437;&#x430;&#x43D;&#x438;&#x439; &#x43E; &#x441;&#x43E;&#x445;&#x440;&#x430;&#x43D;&#x43D;&#x43E;&#x441;&#x442;&#x438; &#x43A;&#x43E;&#x43E;&#x43F;&#x435;&#x440;&#x430;&#x442;&#x438;&#x432;&#x43D;&#x43E;&#x439; &#x441;&#x43E;&#x431;&#x441;&#x442;&#x432;&#x435;&#x43D;&#x43D;&#x43E;&#x441;&#x442;&#x438;</subfield>
  </datafield>
  <datafield tag="702" ind1=" " ind2="0">
    <subfield code="a">&#x41C;&#x430;&#x4BB;&#x43C;&#x443;&#x434;&#x43E;&#x432;</subfield>
    <subfield code="b">&#x418;.&#x41C;.</subfield>
    <subfield code="4">730</subfield>
  </datafield>
  <datafield tag="852" ind1=" " ind2=" ">
    <subfield code="a">NLR</subfield>
    <subfield code="b">&#x41E;&#x41D;&#x41B;</subfield>
    <subfield code="j">&#x410;&#x437;&#x435;&#x440;&#x431;./3-6928</subfield>
  </datafield>
  <datafield tag="942" ind1=" " ind2=" ">
    <subfield code="c">BOOK</subfield>
  </datafield>
  <datafield tag="980" ind1=" " ind2=" ">
    <subfield code="a">NB</subfield>
  </datafield>
  <datafield tag="995" ind1=" " ind2=" ">
    <subfield code="5">2017-02-09</subfield>
    <subfield code="b">NLR01</subfield>
    <subfield code="c">NLR01</subfield>
    <subfield code="e">ONL01</subfield>
    <subfield code="f">1-1440941</subfield>
    <subfield code="k">&#x41E;&#x41D;&#x41B; &#x410;&#x437;&#x435;&#x440;&#x431;./3-6928</subfield>
    <subfield code="o">0</subfield>
    <subfield code="r">BOOK</subfield>
    <subfield code="s">_36928</subfield>
  </datafield>
</record>
